Skip to main content
Your cart is empty.
Your lists
Log in to create your own lists
Your cookies
العربية
English
العربية
Home
Search
Advanced search
Authority search
About
The noble scholar, jurist, historian
His Excellency Dr. Abdul Wahhab bin Ibrahim Abu Sulaiman, may Allah have mercy on him.
He was born in Umm Al-Qura in the year 1356 AH.
Library catalog
Title
Author
Subject
ISBN
ISSN
Series
Call number
Log in to your account
×
Login:
Password:
Home
MARC view: شرح مختصر الروضة في أصول الفقه /
Normal view
MARC view
ISBD view
شرح مختصر الروضة في أصول الفقه / (Record no. 10294)
[
view plain
]
MARC details
000 -LEADER
fixed length control field
01948cam a2200373 i 4500
003 - CONTROL NUMBER IDENTIFIER
control field
SA-RiAUC
005 - DATE AND TIME OF LATEST TRANSACTION
control field
20250725145114.0
008 - FIXED-LENGTH DATA ELEMENTS--GENERAL INFORMATION
fixed length control field
250725s1989 su g b 000r0 ara c
040 ## - CATALOGING SOURCE
Original cataloging agency
SA-RiAUC
Language of cataloging
ara
Transcribing agency
SA-RiAUC
Description conventions
rda
050 #0 - LIBRARY OF CONGRESS CALL NUMBER
Item number
S37. 1989
050 #0 - LIBRARY OF CONGRESS CALL NUMBER
Item number
S3. 1989
082 04 - DEWEY DECIMAL CLASSIFICATION NUMBER
Classification number
251
Assigning agency
SA-RiAUC
090 ## - LOCALLY ASSIGNED LC-TYPE CALL NUMBER (OCLC); LOCAL CALL NUMBER (RLIN)
Classification number (OCLC) (R) ; Classification number, CALL (RLIN) (NR)
251
Local cutter number (OCLC) ; Book number/undivided call number, CALL (RLIN)
ص ر ص
100 1# - MAIN ENTRY--PERSONAL NAME
Personal name
الصرصري، سليمان بن عبد القوي بن عبد الكريم،
Dates associated with a name
657-716 هجري
Relator term
مؤلف.
245 10 - TITLE STATEMENT
Title
شرح مختصر الروضة في أصول الفقه /
Statement of responsibility, etc.
تأليف نجم الدين سليمان بن عبد القوي الطوفي الحنبلي ؛ دراسة وتحقيق إبراهيم بن عبد الله بن محمد آل إبراهيم.
250 ## - EDITION STATEMENT
Edition statement
الطبعة الأولى.
264 #1 - PRODUCTION, PUBLICATION, DISTRIBUTION, MANUFACTURE, AND COPYRIGHT NOTICE
Place of production, publication, distribution, manufacture
[مكان النشر غير محدد] :
Name of producer, publisher, distributor, manufacturer
[الناشر غير محدد]،
Date of production, publication, distribution, manufacture, or copyright notice
1989
264 #3 - PRODUCTION, PUBLICATION, DISTRIBUTION, MANUFACTURE, AND COPYRIGHT NOTICE
Place of production, publication, distribution, manufacture
[مكان الطبع غير محدد] :
Name of producer, publisher, distributor, manufacturer
الرياض :
--
مطابع الشرق الأوسط
300 ## - PHYSICAL DESCRIPTION
Extent
3 مجلد ؛
Dimensions
24 سم
336 ## - CONTENT TYPE
Content type term
نص
Content type code
txt
Source
rdacontent
Materials specified
كتاب
337 ## - MEDIA TYPE
Media type term
بدون وسيط
Media type code
n
Source
rdamedia
338 ## - CARRIER TYPE
Carrier type term
مجلد
Carrier type code
nc
Source
rdacarrier
500 ## - GENERAL NOTE
General note
المختصر للمؤلف.
504 ## - BIBLIOGRAPHY, ETC. NOTE
Bibliography, etc. note
ببليوجرافية : صفحة 679-693.
650 #7 - SUBJECT ADDED ENTRY--TOPICAL TERM
Topical term or geographic name entry element
أصول الفقه الإسلامي
Source of heading or term
aucsh
650 #7 - SUBJECT ADDED ENTRY--TOPICAL TERM
Topical term or geographic name entry element
الفقه الحنبلي
Source of heading or term
aucsh
700 1# - ADDED ENTRY--PERSONAL NAME
Personal name
آل إبراهيم، إبراهيم بن عبد الله بن محمد،
Dates associated with a name
1372 هجري-
Relator term
محقق.
700 12 - ADDED ENTRY--PERSONAL NAME
Relationship information
شرح لـ :
Personal name
ابن قدامة، عبد الله بن أحمد،
Dates associated with a name
541-620 هجري
740 02 - ADDED ENTRY--UNCONTROLLED RELATED/ANALYTICAL TITLE
Uncontrolled related/analytical title
روضة الناظر وجنة المناظر في أصول الفقه على مذهب الإمام أحمد بن حنبل.
740 02 - ADDED ENTRY--UNCONTROLLED RELATED/ANALYTICAL TITLE
Uncontrolled related/analytical title
مختصر روضة الناظر وجنة المناظر في أصول الفقه.
942 ## - ADDED ENTRY ELEMENTS (KOHA)
Source of classification or shelving scheme
Dewey Decimal Classification
Koha item type
Books
Suppress in OPAC
No
949 ## - LOCAL PROCESSING INFORMATION (OCLC)
a
SA-JeALM
d
250725
u
eid123
n
1
Holdings
Withdrawn status
Lost status
Source of classification or shelving scheme
Materials specified (bound volume or other part)
Damaged status
Not for loan
Home library
Current library
Date acquired
Total checkouts
Full call number
Barcode
Date last seen
Price effective from
Koha item type
Dewey Decimal Classification
المجلد الاول
DR AbdElwahab Library
DR AbdElwahab Library
07/25/2025
251 ص ر ص
000016736
07/25/2025
07/25/2025
Books
Dewey Decimal Classification
المجلد الثاني
DR AbdElwahab Library
DR AbdElwahab Library
07/25/2025
251 ص ر ص
000016737
07/25/2025
07/25/2025
Books
Dewey Decimal Classification
المجلد الثالث
DR AbdElwahab Library
DR AbdElwahab Library
07/25/2025
251 ص ر ص
000016738
07/25/2025
07/25/2025
Books
Place hold
Print
Add to your cart
(remove)
Save record
BIBTEX
Dublin Core
MARCXML
MARC (non-Unicode/MARC-8)
MARC (Unicode/UTF-8)
MARC (Unicode/UTF-8, Standard)
MODS (XML)
RIS
ISBD
More searches
Search for this title in:
Other Libraries (WorldCat)
Other Databases (Google Scholar)
Online Stores (Bookfinder.com)
Open Library (openlibrary.org)
Exporting to Dublin Core...
×
Simple DC-RDF
OAI-DC
SRW-DC